<?xml version="1.0" encoding="UTF-8"?><?xml-stylesheet type="text/xsl" href="static/style.xsl"?><OAI-PMH xmlns="http://www.openarchives.org/OAI/2.0/" xmlns:xsi="http://www.w3.org/2001/XMLSchema-instance" xsi:schemaLocation="http://www.openarchives.org/OAI/2.0/ http://www.openarchives.org/OAI/2.0/OAI-PMH.xsd"><responseDate>2026-04-13T02:33:34Z</responseDate><request verb="GetRecord" identifier="oai:www.recercat.cat:10230/45085" metadataPrefix="marc">https://recercat.cat/oai/request</request><GetRecord><record><header><identifier>oai:recercat.cat:10230/45085</identifier><datestamp>2025-12-20T16:47:51Z</datestamp><setSpec>com_2072_6</setSpec><setSpec>col_2072_452952</setSpec></header><metadata><record xmlns="http://www.loc.gov/MARC21/slim" xmlns:dcterms="http://purl.org/dc/terms/" xmlns:xsi="http://www.w3.org/2001/XMLSchema-instance" xmlns:doc="http://www.lyncode.com/xoai" xsi:schemaLocation="http://www.loc.gov/MARC21/slim http://www.loc.gov/standards/marcxml/schema/MARC21slim.xsd">
   <leader>00925njm 22002777a 4500</leader>
   <datafield ind2=" " ind1=" " tag="042">
      <subfield code="a">dc</subfield>
   </datafield>
   <datafield ind2=" " ind1=" " tag="720">
      <subfield code="a">Ruzzoli, Manuela</subfield>
      <subfield code="e">author</subfield>
   </datafield>
   <datafield ind2=" " ind1=" " tag="720">
      <subfield code="a">McGuinness, Aoife</subfield>
      <subfield code="e">author</subfield>
   </datafield>
   <datafield ind2=" " ind1=" " tag="720">
      <subfield code="a">Morís Fernández, Luis, 1982-</subfield>
      <subfield code="e">author</subfield>
   </datafield>
   <datafield ind2=" " ind1=" " tag="720">
      <subfield code="a">Soto-Faraco, Salvador, 1970-</subfield>
      <subfield code="e">author</subfield>
   </datafield>
   <datafield ind2=" " ind1=" " tag="260">
      <subfield code="c">2020-07-08T08:34:58Z</subfield>
   </datafield>
   <datafield ind2=" " ind1=" " tag="260">
      <subfield code="c">2020-07-08T08:34:58Z</subfield>
   </datafield>
   <datafield ind2=" " ind1=" " tag="260">
      <subfield code="c">2020</subfield>
   </datafield>
   <datafield ind2=" " ind1=" " tag="520">
      <subfield code="a">This study explored brain responses to images that exploit incongruity as a creative technique, often used in advertising (i.e., surrealistic images). We hypothesized that these images would reveal responses akin to cognitive conflict resulting from incongruent trials in typical laboratory tasks (i.e., Stroop Task). Indeed, in many surrealistic images, common visual elements are juxtaposed to create un-ordinary associations with semantically conflicting representations. We expected that these images engage the conflict processing network that has been described in cognitive neuroscience theories. We addressed this hypothesis by measuring the power of mid-frontal Theta oscillations using EEG while participants watched images through a social media-like interface. Incongruent images, compared to controls, produced a significant Theta power increase, as predicted from the cognitive conflict theory. We also found increased memory for incongruent images one week after exposure, compared to the controls. These findings provide evidence for the incongruent images to effectively engage the viewer’s cognitive control and boost memorability. The results of this study provide validation of cognitive theories in real-life scenarios (i.e., surrealistic ads or art) and offer insights regarding the use of neural correlates as effectiveness metrics in advertising.</subfield>
   </datafield>
   <datafield ind2=" " ind1=" " tag="520">
      <subfield code="a">This research was supported by the Ministerio de Economia y Competitividad (PSI2016-75558-P AEI/FEDER), AGAUR Generalitat de Catalunya (2017 SGR 1545), and the European Research Council (PoC- 727595 to SSF) and. M.R. was supported by a Marie Skłodowska-Curie fellowship (Ctrl Code – 794649 - H2020-MSCA-IF-2017 to MR).</subfield>
   </datafield>
   <datafield tag="653" ind2=" " ind1=" ">
      <subfield code="a">Electroencephalography</subfield>
   </datafield>
   <datafield tag="653" ind2=" " ind1=" ">
      <subfield code="a">Memory</subfield>
   </datafield>
   <datafield tag="653" ind2=" " ind1=" ">
      <subfield code="a">Advertising</subfield>
   </datafield>
   <datafield tag="653" ind2=" " ind1=" ">
      <subfield code="a">Imaging techniques</subfield>
   </datafield>
   <datafield tag="653" ind2=" " ind1=" ">
      <subfield code="a">Vision</subfield>
   </datafield>
   <datafield tag="653" ind2=" " ind1=" ">
      <subfield code="a">Cognition</subfield>
   </datafield>
   <datafield tag="653" ind2=" " ind1=" ">
      <subfield code="a">Control theory</subfield>
   </datafield>
   <datafield tag="653" ind2=" " ind1=" ">
      <subfield code="a">Functional magnetic resonance imaging</subfield>
   </datafield>
   <datafield ind2="0" ind1="0" tag="245">
      <subfield code="a">From cognitive control to visual incongruity: conflict detection in surrealistic images</subfield>
   </datafield>
</record></metadata></record></GetRecord></OAI-PMH>